[Event "ITA-ch U20"]
[Site "Tarvisio"]
[Date "2023.07.04"]
[Round "3"]
[White "Simonelli, Mattia"]
[Black "Lo Presti, Giulio"]
[Result "0-1"]
[WhiteElo "1827"]
[BlackElo "2033"]
[PlyCount "72"]
[EventDate "2023.07.02"]
[EventType "swiss"]
[EventRounds "9"]
[EventCountry "ITA"]
[SourceTitle "EXT 2024"]
[Source "ChessBase"]
[SourceDate "2023.10.10"]
[SourceVersion "1"]
[SourceVersionDate "2023.10.10"]
[SourceQuality "1"]

1. d4 Nf6 2. Nf3 e6 3. g3 b5 4. Bg2 Bb7 5. 0-0 c5 6. dxc5 Bxc5 7. b3 0-0 8. c4 bxc4 9. bxc4 Nc6 10. Nbd2 Rc8 11. e4 Qc7 12. Bb2 d6 13. h3 Nd7 14. Rc1 Nb4 15. Qb3 Ne5 16. Nxe5 dxe5 17. a3 Nc6 18. Rfe1 Rfd8 19. Nf3 f6 20. h4 Na5 21. Qa4 Qb6 22. Re2 Nb3 23. Rc3 Nd4 24. Nxd4 exd4 25. Rb3 Qc6 26. Qxc6 Bxc6 27. e5 fxe5 28. Bxc6 Rxc6 29. Rxe5 d3 30. Re1 Rf8 31. Rb7 Rxf2 32. Kh1 Rb6 33. Rxb6 axb6 34. Rb1 Rc2 35. h5 d2 36. a4 Rxb2 0-1